000 01973cam a22004817a 4500
001 17480882
005 20260427161738.0
008 121001s2012 at a bc 001 0 eng d
035 _a17480882
906 _a7
_bcbc
_ccopycat
_d3
_encip
_f20
_gy-gencatlg
925 0 _aacquire
_b1 shelf copy
_xpolicy default
010 _a 2012493364
020 _a9781921503443
_qpbk.
020 _a1921503440
_qpbk.
020 _a9781921503528
_qhbk.
020 _a1921503521
_qhbk.
035 _a(OCoLC)777976025
037 _bPO Box 3686 South Brisbane QLD 4101
040 _aAU@
_beng
_cAU@
_dYDXCP
_dFXM
_dBWX
_dNZWMU
_dDLC
041 1 _aeng
_hspa
042 _aanuc
_alccopycat
043 _au-at-qn
050 0 0 _aN3450
_b.P6613 2012
082 0 4 _a709.943
_223
100 1 _aPortús Pérez, Javier.
_915772
245 1 0 _aPortrait of Spain :
_bmasterpieces from the Prado /
_c[Javier Portús Pérez, Gabriele Finaldi ; translated by Michael Agnew].
260 _aSouth Brisbane, Qld. :
_bQueensland Art Gallery,
_cc2012.
300 _a304 p. :
_bcol. ill. ;
_c31 cm.
336 _atext
_btxt
_2rdacontent
337 _aunmediated
_bn
_2rdamedia
338 _avolume
_bnc
_2rdacarrier
500 _aCatalog accompanies an exhibition held at the Queensland Art Gallery, Brisbane, Australia, July 21-Nov. 4, 2012.
504 _aIncludes bibliographical references (p. 285-296) and index.
610 2 0 _aMuseo del Prado
_vExhibitions.
_915773
650 0 _aArt, Spanish
_zSpain
_zMadrid
_vExhibitions.
_915774
655 7 _aExhibition catalogs.
_2lcgft
_0https://id.loc.gov/authorities/genreForms/gf2014026098
_912632
700 1 _aFinaldi, Gabriele.
_915775
710 2 _aQueensland Art Gallery.
_913987
710 2 _aMuseo del Prado.
_915776
923 _aExchange.
999 f f _i6c2afd88-e8ca-58ff-b4c3-ad0b6f26b0e9
_sd28b5826-47ad-4e32-9dd4-ef5b63463c9b
_c5840
_d5840